zpět

Detail výsledku týmu

Záložna ST, Pardubice

Datum a čas kvízu

20.5 Celkem bodů Celkový počet nahraných bodů na tomto kvízu bez doplňovacích otázek.
8. Pořadí na kvízu Konečné umístění týmu na tomto kvízu.

Zaznamenané odpovědi

# Otázka Odpověď Body Výsledky
1. Čeští speleologové naměřili mi... 450 m 0
2. Do francouzské řeky Seiny minu... běluha (severní) 0
3. Ve čtvrtek měla premiéru komed... Střídavka 1
4. Časopis Forbes zveřejnil žebří... Tomáš Satoranský, Karolína Plíšková 0
5. Finále ženského fotbalového Eu... Anglie, Německo 0
6. V následujícím tématu se budem... indický běžec 1
7. Ve sci-fi akční komedii z roku... Howard 0
8. Tento ikonický vůz s modelovým... Citroën 0
9. Název tohoto profesionálního a... v Anaheimu 0
10. „Kačerov jak hurikán, k nám už... laser 1